Benedicto XIII: ¿antipapa o papa?: 1328-1423

Saved in:
Bibliografiske detaljer
Hovedforfatter: Suárez Fernández, Luis (Author)
Format: Bog
Sprog:spansk
Udgivet: Barcelona Ariel 2002
Udgivelse:1a. ed
Serier:Biografías
Fag:
Tags: Tilføj Tag
Ingen Tags, Vær først til at tagge denne postø!

MARC

LEADER 00000nam a2200000 a 4500
001 UCK4368
003 CL-VaPUC
008 050603e20020000SP |||||||||||||||||spa|d
020 |a 8434466538 
082 0 4 |a 270.5  |b SUA  |2 21 
100 0 |a Suárez Fernández, Luis  |e author  |9 492856 
245 1 0 |a Benedicto XIII: ¿antipapa o papa?: 1328-1423 
250 |a 1a. ed 
300 |a 324 p 
942 |c BK 
945 |d 20050603 00:00:00  |a cmena 
260 |a Barcelona  |b Ariel  |c 2002 
600 0 7 |a BENEDICTO XIII  |2 CL-VaPUC  |9 432264 
650 0 |a Historia de la iglesia   |9 257565 
650 0 |a Iglesia Católica  |9 256114 
650 0 |a Papas  |9 258738 
650 0 |a Biografías  |9 255210 
583 |a last modification  |c 20050603 00:00:00  |k Rodrigo Vera 
490 0 |a Biografías 
999 |c 313246  |d 313244 
952 |0 0  |1 0  |4 0  |6 270_500000000000000_SUA_2002  |7 0  |8 A  |9 384471  |a BIBHIS  |b BIBHIS  |d 2019-11-22  |i 4135288  |o 270.5 SUA 2002  |p 4135288  |r 2025-01-20  |w 2019-11-22  |y BK  |k HIS